Platenie dane z nehnuteľností a sankčný úrok

Povinnosť platenia, spôsob platenia, odklad platenia. Deň platby. Daňové nedoplatky a sankčný úrok. Vymáhanie, odpustenie a odpísanie daňového nedoplatku.

Guardado en:
Detalles Bibliográficos
Autor principal: Bubeníková, Irena
Formato: Capítulo de libro
Lenguaje:eslovaco
Materias:
Etiquetas: Agregar Etiqueta
Sin Etiquetas, Sea el primero en etiquetar este registro!

MARC

LEADER 00000naa$a2200000$$$4500
001 0017821
005 20230919094102.9
041 0 |a slo 
044 |a SK 
245 1 0 |a Platenie dane z nehnuteľností a sankčný úrok  |c aut. Irena Bubeníková 
520 |a Povinnosť platenia, spôsob platenia, odklad platenia. Deň platby. Daňové nedoplatky a sankčný úrok. Vymáhanie, odpustenie a odpísanie daňového nedoplatku. 
610 2 0 |a dane z nehnuteľností 
610 2 0 |a sankcie 
610 2 0 |a úrok 
610 2 0 |a nedoplatky 
100 1 |a Bubeníková, Irena